000 00382nam a22001217a 4500
082 _aTHE 200
100 _aRizwan Ahmed
_915900
245 _aTH-SOF-0994-AN IMPROVED METHOD FOR ELIMINATING STRESS CONCENTRATION IN A FINITE ELEMENT MODEL
260 _aNUST COLLEGE OF EME
_bISLAMABAD
_c2001
650 _a MS-MECH-64 MSTHESIS
700 _aDr. Hasan Aftab Saeed
_917309
942 _cCF
999 _c578675
_d578675